समकालीन लघुकथा विवेचना : (Record no. 118417)
[ view plain ]
| 000 -LEADER | |
|---|---|
| fixed length control field | 00887nam a22001937a 4500 |
| 008 - FIXED-LENGTH DATA ELEMENTS--GENERAL INFORMATION | |
| fixed length control field | 241212b |||||||| |||| 00| 0 eng d |
| 020 ## - INTERNATIONAL STANDARD BOOK NUMBER | |
| International Standard Book Number | 9789937954600 |
| 041 ## - LANGUAGE CODE | |
| Language code of original | Nep |
| 082 ## - DEWEY DECIMAL CLASSIFICATION NUMBER | |
| Edition number | 23rd. |
| Classification number | N981.49530109/Mr493s |
| 100 ## - MAIN ENTRY--PERSONAL NAME | |
| Personal name | मृदुल, ममता |
| 241 ## - ROMANIZED TITLE (BK AM CF MP MU VM) | |
| Romanized title | Samkalin lghukatha bibechana:samalochana sangraha / Mamta Mridul |
| 245 ## - TITLE STATEMENT | |
| Title | समकालीन लघुकथा विवेचना : |
| Remainder of title | समालोचना सङ्ग्रह / |
| Statement of responsibility, etc. | ममता मृदुल. |
| 260 ## - PUBLICATION, DISTRIBUTION, ETC. | |
| Place of publication, distribution, etc. | काठमाण्डौँ: |
| Name of publisher, distributor, etc. | रत्नसागर प्रकाशन, |
| Date of publication, distribution, etc. | २०७९वि. |
| 300 ## - PHYSICAL DESCRIPTION | |
| Extent | १८८पृ. |
| 650 ## - SUBJECT ADDED ENTRY--TOPICAL TERM | |
| Topical term or geographic name entry element | नेपाली साहित्य - इतिहास र आलोचना |
| 650 ## - SUBJECT ADDED ENTRY--TOPICAL TERM | |
| Topical term or geographic name entry element | Nepali literature–History and criticism |
| 650 ## - SUBJECT ADDED ENTRY--TOPICAL TERM | |
| Topical term or geographic name entry element | नेपाली साहित्य |
| 942 ## - ADDED ENTRY ELEMENTS (KOHA) | |
| Source of classification or shelving scheme | Dewey Decimal Classification |
| Koha item type | ISBN |
| Withdrawn status | Lost status | Source of classification or shelving scheme | Damaged status | Not for loan | Home library | Current library | Date acquired | Total Checkouts | Full call number | Barcode | Date last seen | Price effective from | Koha item type |
|---|---|---|---|---|---|---|---|---|---|---|---|---|---|
| Dewey Decimal Classification | Tribhuvan University Central Library | Tribhuvan University Central Library | 12/12/2024 | N981.49530109/Mr493s | IS27140 | 12/12/2024 | 12/12/2024 | ISBN | |||||
| Dewey Decimal Classification | Tribhuvan University Central Library | Tribhuvan University Central Library | 12/12/2024 | N981.49530109/Mr493s | IS27139 | 12/12/2024 | 12/12/2024 | ISBN |
